Чудните приключения по вода и суша, походите и веселите приключения на барон фон Мюнхаузен, както е обичал да ги разказва на чашка в кръга на своите приятели (Запис номер 329183)
[ съкратено ]
| 000 -Лидер | |
|---|---|
| Контролно поле с фиксирана дължина | nam a22 a 4500 |
| 003 - Код на организацията, давaща контролен номер | |
| Контролно поле | BLK |
| 005 - Дата и час на последна редакция | |
| Контролно поле | 20220603112515.0 |
| 008 - Елементи от данни с фиксирана дължина | |
| fixed length control field | 190215b bu ||||| |||| 00| 0 bu d |
| 040 ## - Източник на каталожния запис | |
| Идентификатор на билиотеката - собственик на записа | BLK |
| 041 ## - Код за език | |
| Код за езика на текст/звукозапис или на отделно заглавие | Български |
| Код за езика КДБФ | Български |
| 080 ## - УДК | |
| Текстов определител УДК | Литература на отделни езици и езикови семейства |
| УДК код - определител по УДК | 821 |
| УДК определител | -93 |
| УДК - код + определител | 821-93 |
| 100 ## - Редна дума - Автор | |
| R(LIN) | 829 |
| Автор | Распе, Рудолф Ерих |
| Авторска отговорност | по |
| 139 ## - Редно поле | |
| Редна дума | Распе, Рудолф Ерих |
| Авторски знак | Рас - Р 38 |
| 245 ## - Сведения за заглавието | |
| Заглавие | Чудните приключения по вода и суша, походите и веселите приключения на барон фон Мюнхаузен, както е обичал да ги разказва на чашка в кръга на своите приятели |
| Подзаглавни данни | Представени в по-голямата си част от Готфрид Аугуст Бюргер и илюстрирани от Еберхард Биндер |
| Редно поле (дума) | По Рудолф Ерих Распе |
| 260 ## - Област на издателските данни | |
| 9 (RLIN) | 210040 |
| Място на издаване, разпространение и проч. | Германия |
| Име на издателя, разпространителя и проч. | Нар. младеж |
| Година на издаване | 1977 |
| 300 ## - Физическа характеристика | |
| Страници | 148 с. |
| Размери/Мащаб | 29 см |
| 380 ## - Жанр | |
| Жанр | Детска худож. лит. |
| 700 ## - Други автори (авторска отговорност) | |
| 9 (RLIN) | 1311 |
| Лично име | Люнзер-Вайганг, Бригите |
| Автороска отговорност (Описва отношението между автора и произведението) | ред. |
| 700 ## - Други автори (авторска отговорност) | |
| 9 (RLIN) | 269766 |
| Лично име | Николова-Руж, Елена |
| Автороска отговорност (Описва отношението между автора и произведението) | прев. от нем. |
| 999 ## - СИСТЕМНИ КОНТРОЛНИ НОМЕРА | |
| Koha biblionumber | 329183 |
| Koha biblioitemnumber | 329183 |
| 942 ## - АРТИКУЛИ | |
| Вид на библиотечния материал | Книги |
| Скрит в OPAC | Не |
| Koha issues (borrowed), all copies | 6 |
| 944 ## - СЪЗДАВАНЕ И РЕДАКЦИЯ на ЗАПИСА | |
| Служител, извършил регистрацията/редакцията | Грета Цуфелде |
| Код за отписване | Код за изгубен артикул | Източник на класификационната схема | Код за повреда | Коз за рестрикции | Код за отдаване | Артикулен № | Име на библиотеката - собственик | Име на библиотеката, в която се намира в момента | Статус (Текущо местоположение) | Дата на вписване в системата | Местоположение - отдел | Цена в лева | Систематично азбучна сигнатура | Баркод | Цена в евро | Служебен тип на артикула | Инвентарен номер |
|---|---|---|---|---|---|---|---|---|---|---|---|---|---|---|---|---|---|
| Не е изгубен | Universal Decimal Classification | Не е повреден | без рестрикции | заемане за дома | 689763 | Регионална библиотека "Любен Каравелов" Русе | Регионална библиотека "Любен Каравелов" Русе | Детски отдел | 2019-02-19 | Детски отдел | 3.60 | ДХ 820/899/Р 38 | 120000830235 | 1.84 | Книги | ||
| Изтеглен | Не е изгубен | Universal Decimal Classification | Не е повреден | заемане за дома | 727668 | Регионална библиотека "Любен Каравелов" Русе | Регионална библиотека "Любен Каравелов" Русе | Детски отдел | 2019-07-03 | Детски отдел | 3.60 | ДХ 820/899/Р 38 | 120000832964 | 1.84 | Книги | 120000832964 |